Pitras Kay Mazameen (Record no. 563940)

000 -LEADER
fixed length control field 00234nam a2200097Ia 4500
008 - FIXED-LENGTH DATA ELEMENTS--GENERAL INFORMATION
fixed length control field 210430s9999 xx 000 0 und d
020 ## - INTERNATIONAL STANDARD BOOK NUMBER
International Standard Book Number 3119-3119-3119
082 ## - DEWEY DECIMAL CLASSIFICATION NUMBER
Classification number 891.439 B9328 P
245 ## - TITLE STATEMENT
Title Pitras Kay Mazameen
942 ## - ADDED ENTRY ELEMENTS (KOHA)
Koha item type Book
Source of classification or shelving scheme
Holdings
Withdrawn status Lost status Damaged status Not for loan Collection code Permanent Location Current Location Shelving location Date acquired Total Checkouts Full call number Barcode Date last seen Date last checked out Price effective from Koha item type
          School of Chemical & Materials Engineering (SCME) School of Chemical & Materials Engineering (SCME) General Stacks 05/11/9 1 891.439 B9328 P SCME-3119 10/11/2023 09/28/2023 04/30/2021 Book
© 2023 Central Library, National University of Sciences and Technology. All Rights Reserved.